Responses for Show #5047 - Tuesday, July 18, 2006

Contestants

[<< previous game]

Justin Budinoff, an administrative coordinator from Framingham, Massachusetts

Ann Rupel, a medical research assistant from New York, New York

Bruce Lin, a research scientist originally from Mississauga, Ontario, Canada (whose 2-day cash winnings total $41,400)

[next game >>]

Jeopardy! Round responses

THE HISTORY OF MEDICINE
BROADWAY GEOGRAPHY
FOOD FACTS
WOMEN AUTHORS
ADVERTISING
"K" MART
    $200 11
Hippocrates

Justin
    $200 21
England

Justin
    $200 1
(Justin: What is beef?)
(Alex: Be more specific.)
(Justin: Oh, um...)
...
(Ann: What is beef roast?)

veal

AnnJustin
Triple Stumper
    $200 16
Gone with the Wind

Ann
    $200 26
watches

Justin
    $200 6
a Komodo dragon

Ann
    $400 12
a microscope

Bruce
    $400 22
Florence

Justin
    $400 2
ravioli

Bruce
    $400 17
Amy Tan

Ann
    $400 27
the (VW) Beetle

Bruce
    $400 7
a kiosk

Justin
    $600 13
dramamine

Justin
    $600 23
France

Justin
    $600 3
country gravy

Triple Stumper
    $600 18
The Hours

Justin
    $4,000 28
cigarettes

Bruce
    $600 8
krill

Bruce
    $800 14
a pacemaker

Ann
    $800 24
Iowa

Ann
    $800 4
hasty pudding

Triple Stumper
    $800 19
Judith Krantz

Ann
    $800 29
town criers

Ann
    $800 9
(Alex: Yes, in Mecca.)

the Kaaba

Bruce
    $1000 15
(Justin: What is ether?)

nitrous oxide (laughing gas)

BruceJustin
    $1000 25
Putnam

Justin
    $1000 5
butter

Bruce
    $1000 20
Victoria Gotti

Ann
    $1000 30
hairdresser

Ann
    $1000 10
(Ann: What's a kithara?)

a koto

Ann
Triple Stumper

Scores at the first commercial break (after clue 15):

Bruce Ann Justin
$4,200 -$200 $0

Scores at the end of the Jeopardy! Round:

Bruce Ann Justin
$8,600 $4,800 $3,000

Double Jeopardy! Round responses

EARTHQUAKES
MOVIES' LAST LINES
JEOPORTMANTEAU!
(Alex: Each correct response will be two words joined together.) ... (Alex: Now, a further explanation on the [*]. I said, "two words joined together". For instance, if we said, "Salt companion & sweat", you would say, "What is pepperspiration?" That's an example. So watch out.)
19th CENTURY AMERICA
ASHES TO ASHES
DUST TO DUST
    $400 18
the San Andreas Fault

Justin
    $400 25
Casablanca

Justin
    $400 2
presidentist

Justin
    $400 16
Goodyear

Ann
    $400 11
Jerry Garcia

Ann
    $400 1
the Dust Bowl

Bruce
    $800 21
Chile

Bruce
    $800 26
Dr. Strangelove

Justin
    $800 4
Zanzibarber

Bruce
    $800 17
spittoons

Bruce
    $800 12
Ethel Merman

Justin
    $800 3
Mars

Bruce
    $1200 22
P waves (primary)

Bruce
    $1200 27
The Grapes of Wrath

Ann
    $1200 5
a lollipoplar

Ann
    $1200 19
John Quincy Adams

Triple Stumper
    $1200 13
(Bruce: Who is Hunter S. Thomas?)
(Alex: No.)
(Bruce: Thompson!)
(Alex: No.)
...
(Alex: I had ruled you incorrect before you changed it to [*], Bruce. That's the explanation for the ruling there.)

Hunter Thompson

BruceJustin
    $1200 8
the serpent

Justin
    $5,000 23
(Bruce: What is Christmas?)

Good Friday

Bruce
    $1600 28
(Ann: What is Scarface?)
(Justin: What is White Heat?)
...
(Alex: Edward G. Robinson in [*].)
[The end-of-round signal sounds.]

Little Caesar

AnnJustin
Triple Stumper
    $1600 6
macadamiable

Ann
    $1600 20
Indiana

Triple Stumper
    $4,000 14
(Justin: Who is Howard Hughes?)
...
(Alex: The creator of Tarzan. That's why that community is called Tarzana. He lived there.)

Edgar Rice Burroughs

Justin
    $1600 9
the Sahara

Ann
    $2000 24
the Great Rift Valley

Triple Stumper
    $2000 7
codicilantro

Ann
    $2000 15
Sacco & Vanzetti

Justin
    $2000 10
(Ann: Who is Cordelia?)
(Justin: Who is Regan?)
...
(Alex: Yes, indeed, his wife.)

Goneril

BruceAnnJustin

Scores at the end of the Double Jeopardy! Round:

Bruce Ann Justin
$9,200 $9,600 $2,600

[wagering suggestions for these scores]

Final Jeopardy! Round responses

LITERARY CHARACTERS
(Alex: Lady [*] and Sir Clifford [*]. You are correct.)
JustinWhat is Frome Frome
$2,600
BruceWhat is Chatterley
$3,999
AnnWhat is James?
$8,801
Chatterley

Final scores:

Bruce Ann Justin
$13,199 $799 $0
3-day champion: $54,599 2nd place: $2,000 3rd place: $1,000

Game dynamics:

Coryat scores:

Bruce Ann Justin
$10,800 $9,600 $6,600
15 R
(including 1 DD),
2 W
(including 1 DD)
16 R,
4 W
17 R,
5 W
(including 1 DD)

Combined Coryat: $27,000

[game clues] [game scores] [suggest correction]

Game tape date: Unknown
The J! Archive is created by fans, for fans. Scraping, republication, monetization, and malicious use prohibited; this site may use cookies and collect identifying information. See terms. The Jeopardy! game show and all elements thereof, including but not limited to copyright and trademark thereto, are the property of Jeopardy Productions, Inc. and are protected under law. This website is not affiliated with, sponsored by, or operated by Jeopardy Productions, Inc. Join the discussion at JBoard.tv.